000 00993nam a2200289Ia 4500
005 20220316235344.0
008 121119s2002 ck a gr 000 0 spa
020 _a9583006734
041 0 _aspa
100 1 _aJiménez, Olga Lucía,
_d1956-
245 1 0 _aRonda que ronda la ronda
_bjuegos y cantos infantiles de Colombia
_cOlga Lucía Jiménez ; ilustrado por Jorge Moreno Fierro
250 _aPrimera edición
264 1 _aBogotá
_bPanamericana
_c2002
300 _a144 páginas
_bilustraciones
336 _atexto
_btxt
_2rdacontent
337 _asin mediación
_bn
_2rdamedia
338 _avolumen
_bnc
_2rdacarrier
490 0 _aCorcel : rondas
650 1 4 _2LEMB
_aCanciones infantiles colombianas
650 1 4 _2LEMB
_aLiteratura infantil colombiana
650 1 4 _2LEMB
_aRondas infantiles colombianas
650 1 4 _2LEMB
_aJuegos infantiles
700 1 _aMoreno Fierro, Jorge
_eilustrador
_99896
942 _2loc
_cBKLIT
040 _aCO-BoRNBP
_bspa
_erda
_cCO-BoRNBP
084 _aP JIM1
999 _c711
_d711